Compendio Laboral: (Record no. 8252)

MARC details
000 -LEADER
campo de control de longitud fija 00311nam a2200133Ia 4500
005 - FECHA Y HORA DE LA ÚLTIMA TRANSACCIÓN
campo de control 20251222141907.0
008 - DATOS DE LONGITUD FIJA--INFORMACIÓN GENERAL
campo de control de longitud fija 251222s9999||||xx |||||||||||||| ||spa||
082 ## - NÚMERO DE LA CLASIFICACIÓN DECIMAL DEWEY
Número de clasificación 344.1/V47
100 ## - ENTRADA PRINCIPAL--NOMBRE DE PERSONA
Nombre de persona Vera Paredes, Isaías
245 #0 - MENCIÓN DEL TÍTULO
Título Compendio Laboral:
250 ## - MENCION DE EDICION
Mención de edición 2a.ed.
264 ## - PRODUCCIÓN, PUBLICACIÓN, DISTRIBUCIÓN, FABRICACIÓN Y COPYRIGHT
Nombre del de productor, editor, distribuidor, fabricante Impresores Surco
942 ## - ELEMENTOS DE ENTRADA SECUNDARIOS (KOHA)
Tipo de ítem Koha Libros
Holdings
Estatus retirado Estado de pérdida Estado de daño No para préstamo Biblioteca de origen Biblioteca actual Ubicación en estantería Fecha de adquisición Total de préstamos Signatura topográfica completa Código de barras Visto por última vez Precio de reemplazo Tipo de ítem Koha
        Biblioteca Central Biblioteca Central Programa 22/12/2025   344.1/V47 0005703 22/12/2025 22/12/2025 Libros